| 000 | 01228nam a2200361 a 4500 | ||
|---|---|---|---|
| 999 |
_c111489 _d111489 |
||
| 003 | BLK | ||
| 005 | 20250328173952.0 | ||
| 008 | 180409b bul|||||r ||||||| ||bul|| | ||
| 010 | _aKNG00116834000 | ||
| 040 | _aBLK | ||
| 041 |
_aBUL _cBUL |
||
| 080 |
_aАвстрийска литература _b821.112(436) _x-31 _z821.112(436)-31 |
||
| 100 | 1 |
_aЦвайг, Стефан _eпърви автор _9366443 |
|
| 139 |
_aЦвайг, Стефан _bЦ 29 |
||
| 245 | 1 | 0 |
_aНетърпеливо сърце _bРоман _cСтефан Цвайг; прев. от нем. Ива Иванова. |
| 257 | _aAUT | ||
| 260 |
_aСофия _bТандем-У _c1992 _fСофия : ДФ "Балкан-прес" |
||
| 300 |
_a320 с. _c20 см |
||
| 380 | _aX | ||
| 500 | _aОриг. загл. Ungoduld des Herzens | ||
| 653 | _aромани | ||
| 700 | 1 |
_aИванова, Ива _eпрев. от нем. _9367053 |
|
| 852 |
_aЦб 170209 _bЦб |
||
| 856 | 4 |
_qpdf _i0.00 _ldisable |
|
| 856 | 4 |
_qpdf _i0.00 _ldisable |
|
| 942 |
_cKNG _n0 _02 _s1 |
||
| 944 |
_aCR _c06.01.2005 _k30576 _lЦветомила Тодорова |
||
| 944 |
_aED _c21.06.2013 |
||
| 999 | _d111489 | ||
| 999 | _d111489 | ||
| 999 | _d111489 | ||
| 999 | _d111489 | ||